Proyecto vías vida, amor y sexualidad: una experiencia pedagógica
Сохранить в:
| Соавтор: | |
|---|---|
| Формат: | |
| Язык: | испанский |
| Опубликовано: |
Valparaíso
Universidad Católica de Valparaíso
1999
|
| Предметы: | |
| Метки: |
Добавить метку
Нет меток, Требуется 1-ая метка записи!
|
MARC
| LEADER | 00000nam a2200000 a 4500 | ||
|---|---|---|---|
| 001 | UCP7116 | ||
| 003 | CL-VaPUC | ||
| 008 | 991203e19990000CL |||||||||||||||||spa|d | ||
| 082 | 0 | 4 | |a 370.114 |b COM |2 21 |
| 110 | 2 | |a Comisión Vías Vida, Amor y Sexualidad |e author |9 436501 | |
| 245 | 1 | 0 | |a Proyecto vías vida, amor y sexualidad: una experiencia pedagógica |
| 300 | |a 128 p | ||
| 942 | |c BK | ||
| 945 | |d 19991203 00:00:00 |a rbrito | ||
| 260 | |a Valparaíso |b Universidad Católica de Valparaíso |c 1999 | ||
| 650 | 0 | |a Educación sexual |9 308005 | |
| 650 | 0 | |a Sexualidad |9 358183 | |
| 650 | 0 | |a Valores sociales |9 309627 | |
| 650 | 0 | |a Educación moral |9 308319 | |
| 583 | |a last modification |c 19991203 00:00:00 |k Rodrigo Vera | ||
| 999 | |c 284436 |d 284434 | ||
| 952 | |0 0 |1 0 |4 0 |6 370_114000000000000_COM_1999 |7 0 |8 A |9 328465 |a BIBTEO |b BIBTEO |d 2019-11-20 |i 3579123 |o 370.114 COM 1999 |p 3579123 |r 2025-01-17 |w 2019-11-20 |y BK |k ICR | ||
| 952 | |0 0 |1 0 |4 0 |6 370_114000000000000_COM_1999 |7 0 |8 A |9 328466 |a BIBTEO |b BIBTEO |d 2019-11-20 |i 3579131 |o 370.114 COM 1999 |p 3579131 |r 2025-01-17 |w 2019-11-20 |y BK |k ICR | ||
| 952 | |0 0 |1 0 |4 0 |6 370_114000000000000_COM_1999 |7 0 |8 A |9 328467 |a BIBTEO |b BIBTEO |d 2019-11-20 |i 357914K |o 370.114 COM 1999 |p 357914K |r 2025-01-17 |w 2019-11-20 |y BK |k ICR | ||
| 952 | |0 0 |1 0 |4 0 |6 370_114000000000000_COM_1999 |7 0 |8 A |9 328468 |a BIBTEO |b BIBTEO |d 2019-11-20 |i 3579158 |o 370.114 COM 1999 |p 3579158 |r 2025-01-17 |w 2019-11-20 |y BK |k ICR | ||
| 952 | |0 0 |1 0 |4 0 |6 370_114000000000000_COM_1999 |7 0 |8 A |9 328469 |a BIBEDU |b BIBEDU |d 2019-11-20 |i 3579166 |o 370.114 COM 1999 |p 3579166 |r 2019-11-20 |w 2019-11-20 |y BK |k BME | ||
| 952 | |0 0 |1 0 |4 0 |6 370_114000000000000_COM_1999 |7 0 |8 A |9 328470 |a BIBEDU |b BIBEDU |d 2019-11-20 |i 3579174 |o 370.114 COM 1999 |p 3579174 |r 2019-11-20 |w 2019-11-20 |y BK |k BME | ||
| 952 | |0 0 |1 0 |4 0 |6 370_114000000000000_COM_1999 |7 0 |8 A |9 328471 |a BIBEDU |b BIBEDU |d 2019-11-20 |i 3579182 |o 370.114 COM 1999 |p 3579182 |r 2019-11-20 |w 2019-11-20 |y BK |k BME | ||
| 952 | |0 0 |1 0 |4 0 |6 370_114000000000000_COM_1999 |7 0 |8 A |9 328472 |a BIBGIM |b BIBGIM |d 2019-11-20 |i 3579190 |o 370.114 COM 1999 |p 3579190 |r 2025-01-15 |w 2019-11-20 |y BK |k GIM | ||
| 952 | |0 0 |1 0 |4 0 |6 370_114000000000000_COM_1999 |7 0 |8 A |9 328473 |a BIBGIM |b BIBGIM |d 2019-11-20 |i 3579204 |o 370.114 COM 1999 |p 3579204 |r 2025-01-15 |w 2019-11-20 |y BK |k GIM | ||
| 952 | |0 0 |1 0 |4 0 |6 370_114000000000000_COM_1999 |7 0 |8 A |9 328474 |a BIBGIM |b BIBGIM |d 2019-11-20 |i 3579212 |o 370.114 COM 1999 |p 3579212 |r 2025-01-15 |w 2019-11-20 |y BK |k GIM | ||